| 000 -LEADER |
| fixed length control field |
00517nam a22001937a 4500 |
| 020 ## - INTERNATIONAL STANDARD BOOK NUMBER |
| ISBN |
9788130008844 |
| 082 ## - DEWEY DECIMAL CLASSIFICATION NUMBER |
| Classification number |
M08 |
| Item number |
SHA/S |
| 100 ## - MAIN ENTRY--AUTHOR NAME |
| Personal name |
Shakespeare |
| 245 ## - TITLE STATEMENT |
| Title |
Shakespeare sampoornakathakal/ |
| Statement of responsibility, etc |
by Shakespeare |
| 250 ## - EDITION STATEMENT |
| Edition statement |
6th. |
| 260 ## - PUBLICATION, DISTRIBUTION, ETC. (IMPRINT) |
| Place of publication |
Kozhikode: |
| Name of publisher |
Poorna Publications, |
| Year of publication |
2025. |
| 300 ## - PHYSICAL DESCRIPTION |
| Number of Pages |
304p. |
| 650 ## - SUBJECT ADDED ENTRY--TOPICAL TERM |
| Topical Term |
Collection Stories Malayalam |
| 650 ## - SUBJECT ADDED ENTRY--TOPICAL TERM |
| Topical Term |
Collection Shakespeare Stories |
| 650 ## - SUBJECT ADDED ENTRY--TOPICAL TERM |
| Topical Term |
Literature Malayalam |
| 650 ## - SUBJECT ADDED ENTRY--TOPICAL TERM |
| Topical Term |
Literature |
| 700 ## - ADDED ENTRY--PERSONAL NAME |
| Personal name |
Moosakkutty N (tr.) |
| 942 ## - ADDED ENTRY ELEMENTS (KOHA) |
| Koha item type |
Book |